| 000 | 00337nam a22001217a 4500 | ||
|---|---|---|---|
| 008 | 230629b xxu||||| |||| 00| 0 eng d | ||
| 082 |
_a333.91 _bGLE |
||
| 100 | _cP.H Gleick, A.Singh and H. Shi | ||
| 245 | _aYou searched for: Title: THREATS TO THE WORLD'S FRESHWATER RESOURCES | ||
| 260 |
_bunep _c2001 |
||
| 300 | _a57p | ||
| 942 |
_2ddc _cBK |
||
| 999 |
_c2954 _d2954 |
||